000 00568nam a2200193Ia 4500
005 20250508153616.0
008 008 250505s9999 xx 000 0 eng d
037 _aTextual
040 _aFEDL
_beng
_cFEDL
041 _aeng
_2eng
084 _a375, SPE
_qFEDL
100 _aSpears Harold
_991981
245 0 _aEmerging high-school curriculum and its direction
260 _aNew York, USA
_bAmerican Book Company
_c1940
300 _axii,400p.
650 _aCurriculum - High school
_9758896
942 _cTEXL
_h375, SPE
999 _c1344400
_d1344400